LEADER 00981nam a2200253 i 4500 001 991001337799707536 005 20020507191628.0 008 940118s1992 it ||| | ita 035 $ab10833523-39ule_inst 035 $aLE01310718$9ExL 040 $aDip.to Matematica$beng 082 0 $a515 084 $aAMS 00B25 110 2 $aUniversità degli Studi :$bDipartimento di matematica$0474042 245 10$aSeminario di analisi matematica :$banno accademico 1991/92 /$cDipartimento di Matematica dell'Università di Bologna 260 $aBologna :$bTecnoprint,$c1992 300 $a279 p. ;$c24 cm. 650 4$aProceedings of conferences 907 $a.b10833523$b02-04-14$c28-06-02 912 $a991001337799707536 945 $aLE013 00B PIN13 (1992)$g1$i2013000146881$lle013$o-$pE0.00$q-$rl$s- $t0$u0$v0$w0$x0$y.i10942798$z28-06-02 996 $aSeminario di analisi matematica$9923485 997 $aUNISALENTO 998 $ale013$b01-01-94$cm$da $e-$fita$git $h0$i1